LEADER 02425nam a2200409 i 4500 001 000000203880 003 CaOOAMICUS 005 20110708000000.0 008 110708s2011 it u000 u ita u 013 $a182595 020 $a978-88-7105-298-4 040 $aSeMil$bita 245 13$aIl sacramento dell'ordine :$b37. Incontro di Studio, Centro Pio 10. 260 $aMilano :$bGlossa,$c2011. 300 $a306 p. ;$c24 cm. 490 0 $aQuaderni della Mendola ;$v19 650 4$aOrdine (Sacramento).$0(OLS)http://semarc/subject/4458 650 4$aOrdine (Sacramento) - Congressi.$0(OLS)http://semarc/subject/38404 710 2 $aAssociazione canonistica italiana.$0(OLS)http://semarc/name/54668 710 2 $aGruppo italiano docenti di diritto canonico.$0(OLS)http://semarc/name/222 774 0 $aCastellucci, Erio $tIdentità del sacramento dell'ordine nella riflessione teologica attuale.$w()318347 774 0 $aBaura, Eduardo$tMinistero ordinato.$w()318348 774 0 $aIncitti, Giacomo$tRequisiti per l'accesso al sacramento dell'ordine.$w()318349 774 0 $aCattaneo, Arturo, <1948- >$tCompetenze proprie del presbitero e il rapporto con altri ministeri.$w()318350 774 0 $aCoronelli, Renato $tIdentità e specificità del ministero diaconale.$w()318351 774 0 $aChiarelli, Baldassarre$tMinistero del vescovo.$w()318352 774 0 $aLorusso, Lorenzo $tIdentità del presbitero religioso e il suo rapporto con il presbitero diocesano.$w()318353 774 0 $aSabbarese, Luigi $tPresbiteri orientali uxorati ed esercizio del ministero in diaspora.$w()318354 774 0 $aMosca, Vincenzo$tPerdita della condizione giuridica clericale e i suoi sviluppi più recenti.$w()318355 774 0 $aZambon, Adolfo $tVademecum per la pastorale delle parrocchie cattoliche verso gli orientali non cattolici.$w()318356 830 0$aQuaderni della Mendola ;$v19.$0(OLS)http://semarc/title/382 850 $aSeMil 852 $aSeMil$W1$xVenegono$y1$m2KA K 19$j230306$B154374$CSeMilBibl$Z2$F165256 $81 961 $aOmaggio: Coronelli don Renato 996 $6020$a978-88-7105-298-4$9(OLS)http://semarc/number/197130 996 $6245$aIl sacramento dell'ordine :$b37. Incontro di Studio, Centro Pio 10$9(OLS)http://semarc/title/295362 996 $6260$aMilano :$bGlossa$9(OLS)http://semarc/publisher/29635 LEADER 01137nam a2200277 i 4500 001 000000076923 003 CaOOAMICUS 005 20190416145546.0 008 010727s2001 it u000 u ita u 013 $a48095 020 $a88-399-2026-9 040 $aSeMil$bita 100 1 $aBerger, Klaus,$d<1940-2020>.$0(OLS)http://semarc/name/5211 240 10$aHermeneutik des Neuen Testaments.$0(OLS)http://semarc/title/124790 245 10$aErmeneutica del Nuovo Testamento /$cKlaus Berger. 260 $aBrescia :$bQueriniana,$c2001. 300 $a260 p. ;$c23 cm. 490 0 $aBiblioteca biblica [Queriniana] ;$v26 650 4$aBibbia - Interpretazione - NT.$0(OLS)http://semarc/subject/246 830 0$aBiblioteca biblica ;$v26.$0(OLS)http://semarc/title/583 850 $aSeMil 852 $aSeMil$W1$xVenegono$y1$m2YA X 26$j263397$B43075$CSeMilBibl$Z2$F43327 $81 996 $6020$a88-399-2026-9$9(OLS)http://semarc/number/58197 996 $6245$aErmeneutica del Nuovo Testamento$9(OLS)http://semarc/title/124789 996 $6260$aBrescia :$bQueriniana$9(OLS)http://semarc/publisher/29615